Регионална библиотека "Любен Каравелов" - Русе

Пекарна Захар и канела : Рождени дни и бисквити : Кн. 4 (Запис номер 323581)

MARC детайли
000 -Лидер
Контролно поле с фиксирана дължина 01375aam a2200385 a 4500
003 - Код на организацията, давaща контролен номер
Контролно поле BLK
005 - Дата и час на последна редакция
Контролно поле 20250201140201.0
008 - Елементи от данни с фиксирана дължина
fixed length control field 180802b bul|||||r|||| 00| | bul d
020 ## - Международен стандартен номер на книга ISBN
Международен стандартен номер на книга ISBN 9786191993406
Поясняваща информация 3800083823421
040 ## - Източник на каталожния запис
Идентификатор на билиотеката - собственик на записа BLK
041 ## - Код за език
Код за езика на текст/звукозапис или на отделно заглавие Български
Код за езика КДБФ Български
080 ## - УДК
Текстов определител УДК Английска литература
УДК код - определител по УДК 821.111
УДК - код + определител 821.111-93-31
100 ## - Редна дума - Автор
Автор Чапмън, Линда
R(LIN) 391518
Авторска отговорност първи автор
139 ## - Редно поле
Редна дума Чапмън, Линда
Авторски знак Чап - Ч 28
245 ## - Сведения за заглавието
Заглавие Пекарна Захар и канела : Рождени дни и бисквити : Кн. 4
Редно поле (дума) Линда Чапман ; прев. ат англ. Екатерина Митренцева ; ил. Кейт Хиндли
257 ## - Страна на издаване
Страна на създаване/издаване Великобритания
260 ## - Област на издателските данни
Място на издаване, разпространение и проч. София
Име на издателя, разпространителя и проч. Фют
Година на издаване 2018
300 ## - Физическа характеристика
Страници 168 с.
Размери/Мащаб 20 см
380 ## - Жанр
Жанр Детска худож. лит.
490 ## - СЕРИИ (Колекции)
9 (RLIN) 389524
Име на серия Пекарна "Захар и канела"
№: серия № 4
500 ## - Общи забележки
Забележка Ориг. загл. Birthdays&Biscuits
700 ## - Други автори (авторска отговорност)
Лично име Митренцева, Екатерина Христева
9 (RLIN) 270859
700 ## - Други автори (авторска отговорност)
9 (RLIN) 599
Лично име Хиндли, Кейт
Автороска отговорност (Описва отношението между автора и произведението) ил.
765 ## - Описание на заглавието на оригиналният език
Поясняваща информация Birthdays&Biscuits
852 ## - Местоположение
Систематично-азбучна сигнатура ДХ 820/899/Ч 28
856 ## - Електронен адрес и достъп
Инструкция (цена за достъп) 0.00
Права за достъп disable
999 ## - СИСТЕМНИ КОНТРОЛНИ НОМЕРА
Koha biblionumber 323581
Koha biblioitemnumber 323581
942 ## - АРТИКУЛИ
Вид на библиотечния материал Книги
Източник на класификационната схема Universal Decimal Classification
Скрит в OPAC Не
Koha issues (borrowed), all copies 41
Периодичен библиозапис Да
999 ## - СИСТЕМНИ КОНТРОЛНИ НОМЕРА
Koha biblioitemnumber 323581
999 ## - СИСТЕМНИ КОНТРОЛНИ НОМЕРА
Koha biblioitemnumber 323581
999 ## - СИСТЕМНИ КОНТРОЛНИ НОМЕРА
Koha biblioitemnumber 323581
999 ## - СИСТЕМНИ КОНТРОЛНИ НОМЕРА
Koha biblioitemnumber 323581
999 ## - СИСТЕМНИ КОНТРОЛНИ НОМЕРА
Koha biblioitemnumber 323581
999 ## - СИСТЕМНИ КОНТРОЛНИ НОМЕРА
Koha biblioitemnumber 323581
944 ## - СЪЗДАВАНЕ И РЕДАКЦИЯ на ЗАПИСА
Служител, извършил регистрацията/редакцията 30552
Статус, дата на статуса Виолета Тройчева
Наличности
Код за отписване Код за изгубен артикул Източник на класификационната схема Код за повреда Коз за рестрикции Код за отдаване Артикулен № Име на библиотеката - собственик Име на библиотеката, в която се намира в момента Статус (Текущо местоположение) Дата на вписване в системата Местоположение - отдел Цена в лева Инвентарен номер Систематично азбучна сигнатура Баркод Цена в евро Служебен тип на артикула
  Не е изгубен Universal Decimal Classification Не е повреден без рестрикции заемане за дома 678785 Регионална библиотека "Любен Каравелов" Русе Регионална библиотека "Любен Каравелов" Русе Детски отдел 2018-08-02 Детски отдел 7.12 120000822121 ДХ 820/899/Ч 28 120000822121 3.64 Книги
  Не е изгубен Universal Decimal Classification Не е повреден без рестрикции ползва се в читалня 686573 Регионална библиотека "Любен Каравелов" Русе Регионална библиотека "Любен Каравелов" Русе Хранилище 2018-12-13 Хранилище 8.90   Цб 292317 120000827348 4.55 Книги
  Не е изгубен Universal Decimal Classification Не е повреден   заемане за дома 687755 Регионална библиотека "Любен Каравелов" Русе Регионална библиотека "Любен Каравелов" Русе Детски отдел 2018-12-27 Детски отдел 8.90   ДХ 820/899/Ч 28 120000828731 4.55 Книги
Vip Innovations Ltd, Rousse, Bulgaria 2025